Mekkorát ugrik a nyúl a magyarországi dekorkozmetikai termékek piacán?

Bibliographic Details
Main Author: Andras Brigitta Liza
Other Authors: Babos Dr. Krisztina
Sarkadi Katalin
Format: Students’ Scientific Association paper
Kulcsszavak:állatkísérlet-mentesség
dekorkozmetika
etikus fogyasztás
fenntarthatóság
fogyasztói magatartás
Online Access:http://dolgozattar.uni-bge.hu/60492

MARC

LEADER 00000nta a2200000 i 4500
001 dolg60492
005 20260416073809.0
008 260416suuuu hu o 000 hun d
040 |a BGE Dolgozattár Repozitórium  |b hun 
041 |a hu 
100 1 |a Andras Brigitta Liza 
245 1 0 |a Mekkorát ugrik a nyúl a magyarországi dekorkozmetikai termékek piacán?  |c Andras Brigitta Liza  |h [elektronikus dokumentum] 
516 |a Students_Scientific_Association_paper 
520 3 |a A kutatásom célja hogy feltárjam az állatkísérlet-mentes (cruelty-free) szemlélet miként formálja a magyar dekorkozmetikai piacot, és ennek hatására hogyan változnak a fogyasztói döntések, gazdasági változások. A kutatás középpontjában a tudatos és etikus vásárlói magatartás, valamint a fenntartható termelés és fogyasztás szerepe áll. A témaválasztás indokoltsága, hogy növekszik az állatkísérlet-mentes termékek iránti érdeklődés, viszont a tájékozottság és hitelesség még sok esetben nem konzisztens. A kutatási kérdéseim a következőek voltak:K1. Milyen hatással van azállatkísérlet-mentes életmód elterjedése a fogyasztói döntésekre és a piaci trendekre?K2. Hogyan változott azállatkísérlet-mentes termékek iránti kereslet Magyarországon az elmúlt évtizedben, és mik a legfontosabb tényezők, amelyek ezt a változást elősegítették?K3. Mik a fő akadályok, amelyek megakadályozzák a szélesebb körű elfogadást az állatkísérlet-mentes életmódban, és hogyan lehet ezeket leküzdeni?K4. Milyen szerepet játszik a közösségi média és az influenszerek kommunikációja az állatkísérlet-mentes termékek iránti fogyasztói bizalom és kereslet növelésében?A kutatás kombinált módszertannal valósult meg: a kvalitatív kutatás egy 714 fős online kérdőíves felmérés volt, és a kvantitatív szakaszban nyolc félig strukturált interjú készült a magyarországi dekorkozmetikai szektor cruelty-free márkáinak képviselőivel (Blueberry, PHYT’S, Dr. Hauschka, The Body Shop, Rossmann, Glam Original, Krémmánia). Az eredmények szerint a fogyasztók végzettsége és környezettudatossága szignifikánsan befolyásolja a keresletet (p<0,05), a válaszadók 85,4%-a ismeri a cruelty-free fogalmát, 74,9%-uk rendszeresen tájékozódik az összetevőkről. A kutatásra épülő persona-elemzés kettő vásárlói típust azonosított, az adatokat SPSS és Excel programok segítségével elemeztem. Az interjúk alapján a fent említett márkák állatkísérlet-mentes, természetes és fenntartható termékeket kínálnak, miközben az információhiány és a greenwashing akadályozza a piaci fejlődést. Az eredmények megerősítik, hogy a cruelty-free termékek nem csupán etikai, hanem gazdasági értéket is képviselnek, hozzájárulva a tudatos és fenntartható fogyasztás fejlődéséhez. 
695 |a állatkísérlet-mentesség 
695 |a dekorkozmetika 
695 |a etikus fogyasztás 
695 |a fenntarthatóság 
695 |a fogyasztói magatartás 
700 1 |a Babos Dr. Krisztina  |e ths 
700 1 |a Sarkadi Katalin  |e ths 
856 4 0 |u http://dolgozattar.uni-bge.hu/60492/1/Andras_Brigitta_Liza_M%C3%9CKK.pdf  |z Dokumentum-elérés 
856 4 0 |u http://dolgozattar.uni-bge.hu/60492/2/ANDRAS_BRIGITTA_LIZA_M%C3%9CKK_REZUME.docx.pdf  |z Dokumentum-elérés 
856 4 0 |u http://dolgozattar.uni-bge.hu/60492/3/ANDRAS_BRIGITTA_LIZA_BGE%20TDK_Szerz%C5%91i%20hozz%C3%A1j%C3%A1rul%C3%A1s%20nyilatkozat%202025.pdf  |z Dokumentum-elérés 
856 4 0 |u http://dolgozattar.uni-bge.hu/60492/4/ANDRAS_BRIGITTA_LIZA_M%C3%9CKK_REZUME.docx  |z Dokumentum-elérés 
856 4 0 |u http://dolgozattar.uni-bge.hu/60492/5/05_Dolgozat_biralati_lap_2025_HU_drS%C3%B3lyomfi.pdf  |z Dokumentum-elérés 
856 4 0 |u http://dolgozattar.uni-bge.hu/60492/6/Andr%C3%A1sBrigittaLiza.pdf  |z Dokumentum-elérés